Environmental management (Record no. 31648)

MARC details
000 -LEADER
fixed length control field 00275nam a2200109Ia 4500
082 ## - DEWEY DECIMAL CLASSIFICATION NUMBER
Classification number 331.4
Item number ROH
100 ## - MAIN ENTRY--AUTHOR NAME
Personal name ROHRLICH, G F
245 #0 - TITLE STATEMENT
Title Environmental management
260 ## - PUBLICATION, DISTRIBUTION, ETC. (IMPRINT)
Place of publication Cambridge
Name of publisher Ballinger Pub Co
Year of publication 1976
942 ## - ADDED ENTRY ELEMENTS (KOHA)
Koha item type Books
Holdings
Withdrawn status Lost status Damaged status Not for loan Home library Current library Date acquired Full call number Accession Number Koha item type
        RRII Library RRII Library 16/12/2021 331.4 ROH 12189 Books